000 00502nam a2200205Ia 4500
003 OSt
005 20230330113529.0
008 210423s1953 xx 000 0 und d
040 _cAL
041 _aeng
082 _a658 NEWW
_223
100 _aNEWMAN (William H).
_965012
245 _aBusiness policies and management.
250 _a3
260 _aCincinnati
_bSouth- Western
_c1953
300 _aviii,952
365 _cINR
906 _aBusiness ; management. ; policies
942 _2ddc
_cBK
999 _c155150
_d155150